000
00286nam a22001217a 4500
020
_a
04-668001-2
082
_a
668.4 ARN'I
100
_a
ARNOLD, LIONEL K
_9
78334
245
_a
INTRODUCTION TO PLASTICS
260
_a
LONDON
_b
GEORGE ALLEND UNION
_c
1969
300
_a
V,211P
942
_c
BK
999
_c
583474
_d
583474